Čuňovo - dotvorenie verejných priestorov

Gespeichert in:
Bibliographische Detailangaben
1. Verfasser: Križanová, Hana, 1990- (Verfasst von)
Weitere Verfasser: Belčáková, Ingrid, 1963- (Betreuung Doktorarbeit)
Format: Manuskript Buch
Sprache:Slowakisch
Veröffentlicht: Bratislava : STU v Bratislave FA, 2011
Schlagworte:
Online-Zugang:VAIS
Tags: Tag hinzufügen
Keine Tags, Fügen Sie das erste Tag hinzu!

MARC

LEADER 00000ntm a22000003a 4500
001 stu228331
005 20210610083832.3
008 110628s2011----xo------------------slo-d
040 |a STU  |b slo 
041 0 |a slo 
044 |a xo 
100 1 |a Križanová, Hana,  |d 1990-  |4 aut  |u A  |T FAD Fakulta architektúry  |X 59009  |U A  |Y 50  |7 A000059009 
242 0 0 |a REVITALISATION OF PUBLIC SPACES-ČUNOVO  |y eng 
245 1 |a Čuňovo - dotvorenie verejných priestorov 
260 |a Bratislava :  |b STU v Bratislave FA,  |c 2011 
650 7 |a krajinná architektúra a krajinné plánovanie  |2 stusub 
650 7 |a Landscape Architecture and Landscape Planning  |2 estusub 
650 7 |a Čuňovo  |2 stusub 
650 7 |a cyklistické prpojenie  |2 stusub 
700 1 |a Belčáková, Ingrid,  |d 1963-  |4 ths  |u A7170  |U FAD Fakulta architektúry  |U FAD Fakulta architektúry  |T FA Ústav krajinnej a záhradnej architektúry  |X 367  |U A7170  |Y 398  |7 A000000367 
856 4 |a info a plný text  |u http://is.stuba.sk/zp/portal_zp.pl?podrobnosti=60486  |u https://opac.crzp.sk/?fn=detailBiblioForm&sid=75A6A01F16DA93B39DF6AA14CDB9  |3 VAIS